000 01289nam a2200337 4500
003 DO-SdBNP
005 20220718103455.0
008 120112s2006 ch a | |||| 000 0 spa
020 _a9787802002333
040 _aBPMSU
_bspa
_c BPMSU
_e
041 1 7 _aspa
_achi
_h
082 _a306.08951
_bC753c 2006
_222
245 0 _aConocimientos comunes de la cultura china =
_b中国文化常识 : 中俄对照
246 1 3 _aCultura china
260 _a[Beijing] :
_bOficina de Asuntos Chinos en el Extranjero del Consejo de Estado
_c2006
300 _a241 p. ;
_c24 cm
_b
337 _2
546 _aTexto en español y en chino
590 _6Inventariado, 2022/VM
650 4 _aCultura
_zChina
651 4 _aChina
_xVida social y costumbres
710 2 _aGuo wu yuan qiao wu ban gong shi
710 2 _aOficina de Asuntos Chinos en el Extranjero del Consejo de Estado
880 0 0 _6245-01/$1
_aConocimientos comunes de la cultura china =
_b中国文化常识 : (中西对照) /
_c国务院侨务办公室, 国际汉语国际推广领导小组办公室
880 3 1 _6246-02/$1
_a中国文化常识
880 _6250-03/$1
_a第 1 版, 第 2 次印刷
880 _6260-04/$1
_a北京 :
_b华语教学出版社,
_c2009
910 _aVMateo V.
942 _2ddc
_cBK
956 _a
999 _c14182
_d14182